|
|
|
|
| LEADER |
00868cam a2200229 7i4500 |
| 001 |
0000018022 |
| 005 |
20060801090000.0 |
| 022 |
0 |
0 |
|a 1823-7770
|
| 090 |
0 |
0 |
|a M 630
|b MIN
|
| 110 |
1 |
0 |
|a Ministry of Plantation Industries and Commodities
|
| 245 |
0 |
0 |
|a Report on Malaysia plantation industries and commodities :
|b (2001-2005).
|
| 260 |
0 |
0 |
|a Putrajaya:
|b Ministry of Plantation Industries and Commodities,
|c 2005.
|
| 300 |
# |
# |
|a 143 p.
|
| 650 |
0 |
0 |
|a Rubber industry and trade --
|z Malaysia
|
| 650 |
0 |
0 |
|a Timber industry --
|z Malaysia
|
| 650 |
0 |
0 |
|a Oil palm industry --
|z Malaysia
|
| 650 |
0 |
0 |
|a Cocoa industry --
|z Malaysia
|
| 650 |
0 |
0 |
|a Pepper industry --
|z Malaysia
|
| 650 |
0 |
0 |
|a Tobacco industry --
|z Malaysia
|
| 651 |
0 |
0 |
|a Malaysia
|
| 999 |
|
|
|a PNG000570H
|b Book
|c Malaysia
|e MATRADE Northern Regional Office
|
| 999 |
|
|
|a 0000018853
|b Book
|c Malaysia
|e Business Information Centre
|